00414nam a2200157Ia 4500008004100000020001500041082001600056100001900072245003800091250000700129260003800136300002800174500000700202600002700209650002000236240925s9999 xx 000 0 und d a9698380116 a338.926 GHU aKibria, Ghulam 0aTechnology Equisition in Pakistan aNA aKarachi:bCity Book Pointc,1998. axiv,792p.bNAfOriginal aNA aEngineering Technology aSocial Sciences